| 000 | 00780nam a2200241Ia 4500 | ||
|---|---|---|---|
| 003 | OSt | ||
| 005 | 20240518101606.0 | ||
| 008 | 210716s2009 xx 000 0 und d | ||
| 020 | _a9788184950014 | ||
| 040 | _cAIMIT LIBRARY | ||
| 041 | _aeng | ||
| 082 |
_a005.1331 _21 _bSUBS |
||
| 100 |
_aSubramanian, S. _9166011 |
||
| 245 |
_aFundamentals of c++ programming: _bincludes object oriented programming concepts / _cBy S Subramanian. |
||
| 250 | _a1st ed. | ||
| 260 |
_aMumbai : _bJaico Publishing House , _c2009. |
||
| 300 |
_axv,556p. ; _bPB _c24 cm. |
||
| 650 |
_aSimple c++ programming _9166012 |
||
| 650 |
_aControlling program flow _9166013 |
||
| 650 |
_aOperator overloading _9166014 |
||
| 650 |
_aAdvanced features _9166015 |
||
| 942 |
_2ddc _cBK _e1st ed. _k005.1331 SUBS |
||
| 999 |
_c189606 _d189606 |
||